Implementation of knowledge management in metallurgical company
Znalostný manažment ako faktor určujúci konkurencieschopnosť podniku. Prehľad riadenia znalostí a vzdelávania v hutníckych spoločnostiach v Českej republike. Špecifiká hutníckeho sektora pri projektoch implementácie znalostného manažmentu. Predstavenie modelu na výpočet investície do iniciatívy znal...
Enregistré dans:
| Auteur principal: | |
|---|---|
| Autres auteurs: | , , , , , |
| Format: | Chapitre de livre |
| Langue: | anglais |
| Sujets: | |
| Tags: |
Pas de tags, Soyez le premier à ajouter un tag!
|
MARC
| LEADER | 00000naa$a2200000$$$4500 | ||
|---|---|---|---|
| 001 | 0236427 | ||
| 005 | 20240502083630.9 | ||
| 041 | 0 | |a eng | |
| 044 | |a CZ | ||
| 245 | 1 | 0 | |a Implementation of knowledge management in metallurgical company |c Šárka Vilamová, Andrej Miklošík, Petr Očko, Kamila Janovská, Martin Čech, Petr Besta, Martin Šanda |
| 520 | |a Znalostný manažment ako faktor určujúci konkurencieschopnosť podniku. Prehľad riadenia znalostí a vzdelávania v hutníckych spoločnostiach v Českej republike. Špecifiká hutníckeho sektora pri projektoch implementácie znalostného manažmentu. Predstavenie modelu na výpočet investície do iniciatívy znalostného manažmentu. | ||
| 610 | 2 | 0 | |a manažment znalostný |
| 610 | 2 | 0 | |a konkurencieschopnosť |
| 610 | 2 | 0 | |a podnik |
| 610 | 2 | 0 | |a priemysel |
| 610 | 2 | 0 | |a hutníctvo |
| 610 | 2 | 0 | |a inovácia |
| 610 | 2 | 0 | |a výskum |
| 610 | 2 | 0 | |a vývoj |
| 610 | 2 | 0 | |a modelovanie |
| 610 | 2 | 0 | |a Česko |
| 100 | 1 | |a Vilamová, Šárka | |
| 700 | 1 | |a Miklošík, Andrej | |
| 700 | 1 | |a Očko, Petr | |
| 700 | 1 | |a Janovská, Kamila | |
| 700 | 1 | |a Čech, Martin | |
| 700 | 1 | |a Besta, Petr | |
| 700 | 1 | |a Šanda, Martin | |